00587nam a2200205Ia 450000500170000000800410001702000150005808200130007310000130008624500600009926000340015930000160019365000110020965000120022065000130023265000200024594200060026595200950027199900150036620250117062355.0240331s9999 xx 000 0 und d a8185229066 bHABa934 aHabib, I 0aEssays in Indian history :btowards amarxist perception aNew DelhibTulika booksc1995 ax, 381 p ., aSocial aHistory aEconomic aColonialization cL 001040708LaWERCLbWERCLcSSCd2024-03-31l0o 934 HABp4739r2024-03-31w2024-03-31yL c3435d3435